000 00888nam a2200265Ia 4500
003 OSt
005 20220925205006.0
006 a|||||r|||| 00| 0
007 ta
008 220923b |||||||| |||| 00| 0 eng d
020 _a10:07
_c3691.3800000000001
037 _b3167, 03/03/2008, RAJKIRAN BOOK AGENCY
_cGeneral Book
040 _aRTL
_cRTL
_beng
041 _2eng
_aeng
082 _aY9(W:5).687.N, P6
100 _aPress Robert M
_9231326
245 0 _aPeaceful resistance
_b Advancing human rights and democratic freedoms
260 _aHampshire
_bAshgate
_c2006
300 _axix, 227p
_ccm.
490 _aEthics and Global Politics
500 _aBibliography P 205-215; Appendix P 193-204
650 _aSociology
942 _hY9(W:5).687.N, P6
_cGB
_2CC
999 _c550928
_d550928